|
|
|
|
| LEADER |
00000nam a2200000 a 4500 |
| 001 |
vtls001368557 |
| 003 |
SK-MaSNL |
| 005 |
20260302071254.0 |
| 008 |
240315s1998 xo ad r 0yy0 slo |
| 015 |
|
|
|a SNBD2001/01-00282
|
| 035 |
|
|
|a SNK000322262
|
| 040 |
|
|
|a SNK
|b slo
|c SNK
|e AACR2
|
| 041 |
0 |
|
|a slo
|
| 044 |
|
|
|a xo
|c SK
|
| 080 |
|
|
|a 82(091):830(436):929(043.3)
|2 1981
|
| 080 |
|
|
|a 830(436)-2
|2 1981
|
| 080 |
|
|
|a 792
|2 1981
|
| 080 |
|
|
|a 929 Schnitzler, Arthur
|2 1981
|
| 100 |
1 |
|
|a Grusková, Anna,
|d 1962-
|4 aut
|9 107681
|
| 245 |
1 |
|
|a Recepcia literárneho diela Arthura Schnitzlera na Slovensku
|b autoreferát dizertácie
|c Anna Grusková ; školiteľka: Soňa Šimková
|
| 260 |
|
|
|a Bratislava
|b Slovenská akadémia vied
|c 1998
|
| 300 |
|
|
|a 17 s.
|c 21 cm
|e 1 príl.
|
| 502 |
|
|
|a Slovenská akadémia vied. Ústav slovenskej literatúry Bratislava
|
| 504 |
|
|
|a Lit. s. 12-14. Res. angl., nem.
|
| 600 |
1 |
|
|a Schnitzler, Arthur,
|d 1862-1931
|2 SNK
|9 116263
|
| 650 |
0 |
7 |
|a hry divadelné rakúske
|x inscenácie
|z Slovensko
|x autoreferáty
|2 SNK
|9 732807
|
| 655 |
|
7 |
|a dizertácie
|2 SNK
|9 70277
|
| 700 |
1 |
|
|a Šimková, Soňa,
|d 1944-2024
|4 ini
|9 193945
|
| 710 |
2 |
|
|a Slovenská akadémia vied.
|b Ústav slovenskej literatúry
|4 nop
|9 169410
|
| 958 |
|
|
|a DG
|
| 958 |
|
|
|a NB
|
| 958 |
|
|
|a TL
|
| 999 |
|
|
|c 1151203
|d 1153133
|
| 952 |
|
|
|t P60, <03>, [BOOK], {603}
|a SNK
|b SNK
|y PREZ
|7 0
|p 17A0203462
|o snkOSC 20318
|i snkKSP 7881/99
|0 0
|1 0
|4 0
|d 1999-07-26
|l 0
|r 2005-01-02 00:00:00
|w 2026-02-24
|